000
00285nam a22001337a 4500
008
170424b xxu||||| |||| 00| 0 eng d
020
_a
0669181781
041
_a
eng
080
_2
2ND
_a
547
100
_a
12
101
_a
SHM
245
_a
ORGANIC CHEMISTRY
_c
EGE, S
942
_2
udc
_c
BK
999
_c
11801
_d
11801